| 000 | 00706cab a22001935a 4500 | ||
|---|---|---|---|
| 001 | L147367 | ||
| 008 | 090506e20090501xxkad f s 000 0 eng d | ||
| 035 | _a(Sirsi) u147367 | ||
| 041 | 0 | _aeng | |
| 100 | 1 | _aShah, Aditi | |
| 245 | 0 | 0 |
_aRegional report _bThames Valley |
| 260 | _c2009 | ||
| 490 | 0 |
_aProperty Week _v75(18) 1 May 2009, 53-62(5) |
|
| 520 | _aReports on news and deals from around the region, including an update on the regeneration scheme at Reading station. Reveals that the recession-resistant pharmaceutical sector is revitalising the Thames Valley. Map. | ||
| 590 | _aKA | ||
| 651 | 4 | _aThames Valley | |
| 690 | _aPROPERTY-COMMERCIAL PROPERTY-COMMERCIAL PROPERTY MARKET | ||
| 942 | _n0 | ||
| 999 |
_c81513 _d81513 |
||